000 00627nam a2200217Ii 4500
003 JO-AjNU
008 230606s9999||||xx |||||||||||||| ||und||
020 _a0-13-127314-0
040 _aJO-AjNU
_beng
_erda
_cJO-AjNU
041 _aeng
050 1 4 _aQA76.2005
100 3 _aLong,Nancy,Long,Larry,
_eauthor
_9887
245 0 0 _aComputers Information Technology in Perspective
250 _a12 ed
264 3 1 _apearson printice hall:upper saddle,2005
300 _a488p
336 _atext
_btxt
_2rdacontent
337 _aunmediated
_bn
_2rdamedia
338 _avolume
_bnc
_2rdacarrier
650 4 _aComputers Information
_9888
999 _aE468
_c468
_d468